Жанрологія. Теорія роману (Запис № 442846)

МАРК-запис
000 -Лідер
fixed length control field 01918 a2200253 4500
003 - Ідентифікатор контрольного номера
control field UA-OsUOA
005 - Дата та час останнього входження (трансакції)
control field 20210206114756.0
008 - Елементи даних фіксованої довжини – загальна інформація
fixed length control field 191119b un ||||| |||| 00| 0 ukr d
020 ## - Міжнародний стандартний книжковий номер (ISBN)
Міжнародний стандартний книжковий номер (ISBN) (НП) 9789664399330
040 ## - Джерело каталогізації
Агенція оригінальної каталогізації UA-OsUOA
Мова каталогізації ukr
Агенція, яка здійснювала перезапис UA-OsUOA
Агенція, яка здійснювала модифікацію UA-OsUOA
041 ## - Код мови
Код мови тексту/ звукової доріжки чи окремого заголовка (П) ukr
080 ## - Індекс Універсальної десяткової класифікації
Індекс Універсальної десяткової класифікації (УДК) (НП) 82.09(075.8)
090 ## - Локальний шифр розміщення
Класифікаційний індекс УДК 82.09(075.8)
Авторський знак (НП) Б72
100 ## - Основне введення – ім’я особи
Ім’я особи (НП) Бовсунівська Т. В.
245 ## - Відомості про назву
Назва (НП) Жанрологія. Теорія роману
Решта назви (НП) навч. посіб.
Дані про відповідальність (НП) Т. В. Бовсунівська
260 ## - Публікація, розповсюдження і т.п. (Вихідні дані)
Ім’я/ наймення видавництва, розповсюджувача і т.п. (П) ВПЦ Київський університет
Дата публікації, розповсюдження і т.п. (П) 2017
Місце публікації, розповсюдження і т.п. (П) К.
300 ## - Фізичний опис
Обсяг 447 с.
520 ## - Резюме і т.п.
Резюме, реферат, анотація, тощо (НП) Навчальний посібник висвітлює різні жанрові концепції ХХ-ХХІ ст., які найповніше презентують жанрове мислення сучасної людини. Крім того, у ньому наведено докладний аналіз найпоширеніших жанрових модифікацій сучасного роману (гіпертекстуальний, параболічний, духовний, автобіографічний, пост-колоніальний, екфрастичний тощо) та розглядаються численні трансформації і модифікації роману як наслідок анаморфічного ідеологічного перетворення жанру. Для студентів, викладачів та всіх, кого цікавить теорія жанрів та сучасний стан жанрової системи.
650 ## - Додаткове предметне введення – тематичний термін
Тематичний термін чи географічна назва, як елемент введення (НП) 82 Література. Літературознавство
Джерело заголовка чи терміна UDC
700 1# - Додаткове введення – ім'я особи
Ім’я особи (НП) Бовсунівська Т. В.
942 ## - Додаткові елементи входу (Коха)
Тип елемента Koha Книги
Source of classification or shelving scheme Universal Decimal Classification
955 ## - Код типу видання за змістом
Код типу видання за змістом (НП) Навчальні видання
Фонди
Стан вилучень Стан втрат Джерело класифікації або схеми стелажів Стан уражень Не для кредиту Постійне місце розташування Поточне розміщення Дата придбання Джерело придбання Вартість, звичайна ціна покупки Усього замовленно Повний номер виклику Штрих-код Дата останнього перегляду Вартість, ціна заміни Ціна ефективна від Тип елемента Koha Примітка, призначена для загального доступу
    Universal Decimal Classification     ЧЗ - Читальна зала ЧЗ - Читальна зала 19/11/2019 № 48/19.11.2019 88.00   82.09(075.8) Б72 161973 05/11/2021 88.00 19/11/2019 Книги НБ ім. М. Максимовича